00503nam a2200193Ia 4500008004100000041001200041082001200053100006300065245002800128260002800156300000800184365000700192520001400199546001200213630002800225650001400253655001400267730002800281101110s9999 xx 000 0 und d aENGLISH bSR33651 aBhattachrya Rao, Sharma, Yadav B.S., Patil S.K. and others aOrganic chemistry FYBSc c2010bSheth pub, Mumbai a214 b85 aChemistry aENGLISH aOrganic chemistry FYBSc aChemistry aChemistry aOrganic chemistry FYBSc